Основні принципи створення і використання комп"ютерних словників (Запис № 282534)
[ простий вигляд ]
| 000 -LEADER | |
|---|---|
| fixed length control field | 02038nam a22001577a 4500 |
| 041 ## - LANGUAGE CODE | |
| Language code of text/sound track or separate title | ukr |
| 080 ## - UNIVERSAL DECIMAL CLASSIFICATION NUMBER | |
| Universal Decimal Classification number | 09 |
| 090 ## - LOCALLY ASSIGNED LC-TYPE CALL NUMBER (OCLC); LOCAL CALL NUMBER (OCLC) | |
| Local cutter number (OCLC) ; Book number/undivided call number, CALL (RLIN) | ДЕМ |
| 100 ## - MAIN ENTRY--PERSONAL NAME | |
| Personal name | Демидюк Ю. В. |
| 245 ## - TITLE STATEMENT | |
| Title | Основні принципи створення і використання комп"ютерних словників |
| 260 ## - PUBLICATION, DISTRIBUTION, ETC. (IMPRINT) | |
| Place of publication, distribution, etc | Острог |
| Name of publisher, distributor, etc | КАФ |
| Date of publication, distribution, etc | 2004 |
| 300 ## - PHYSICAL DESCRIPTION | |
| Extent | 63 |
| 520 ## - SUMMARY, ETC. | |
| Summary, etc | Розділ І. Лексикографія як галузь науки про мову<br/>1.1. Поняття лексикографії<br/>1.2. Історія розвитку лексикографічної науки<br/>1.3. Типологізація словників<br/>1.4. Основні структурні компоненти словника та словникової статті<br/>1.5. Комп"ютерна лексикографія як частина науки про словники<br/>Розділ ІІ. Комп"ютерні словники у процесі вивчення мови та для професійного перекладу<br/>2.1. Сучасні тенденції розвитку комп"ютерної лексикографії<br/>2.2. Комп"ютерні словники для кінцевого користувача<br/>2.3. Основні функції комп"ютерних словників та їх застосування у вивченні іноземної мови <br/>2.4. Інформаційна система для перекладачів "Мультитран"<br/>Розділ ІІІ. Принципи побудови словника користувача мовою DSL<br/>3.1. Основні поняття мови DSL<br/>3.2. Проектування словника користувача "Lingvo" мовою DSL<br/>3.2.1. Структура словника і словникової статті<br/>3.2.2. Формування статті мовою DSL<br/>3.3. Макроси для конвертації у формат DSL |
| -- | Лексикологія, комп |
| 650 ## - SUBJECT ADDED ENTRY--TOPICAL TERM | |
| Topical term or geographic name as entry element | Research Papers |
| 942 ## - ADDED ENTRY ELEMENTS (KOHA) | |
| Koha item type | Книги |
| Withdrawn status | Lost status | Source of classification or shelving scheme | Damaged status | Not for loan | Home library | Current library | Date acquired | Source of acquisition | Coded location qualifier | Cost, normal purchase price | Total Checkouts | Full call number | Barcode | Date last seen | Price effective from | Koha item type |
|---|---|---|---|---|---|---|---|---|---|---|---|---|---|---|---|---|
| Universal Decimal Classification | ВІЛ - Відділ іноземн. літератури НБ | ВІЛ - Відділ іноземн. літератури НБ | 08/08/2005 | Акт | В31 | 1.00 | 09 | 210096 | 20/12/2021 | 16/12/2004 | Книги |